Khảo sát các yếu tố thủy lý hóa tại khu bảo vệ cảnh quan rừng tràm Trà Sư - Tỉnh An Giang : Luận văn tốt nghiệp Đại học. Chuyên ngành Môi trường & Quản lý Tài nguyên thiên nhiên

Đề tài được thực hiện nhằm góp phần tìm hiểu ảnh hưởng của các yếu tố thủy lý hóa lên sự phát triển của cây tràm và tác động lên thủy sinh vật đồng thời đề xuất những biện pháp quản lý và điều tiết nguồn nước....

ver descrição completa

Na minha lista:
Detalhes bibliográficos
Autor principal: Nguyễn, Thị Huyền
Formato: Livro
Idioma:Undetermined
Publicado em: Cần Thơ Trường Đại học Cần Thơ 2008
Assuntos:
Tags: Adicionar Tag
Sem tags, seja o primeiro a adicionar uma tag!
Thư viện lưu trữ: Trung tâm Học liệu Trường Đại học Cần Thơ
LEADER 01338nam a2200205Ia 4500
001 CTU_165336
008 210402s9999 xx 000 0 und d
082 |a 634.9 
082 |b H527 
100 |a Nguyễn, Thị Huyền 
245 0 |a Khảo sát các yếu tố thủy lý hóa tại khu bảo vệ cảnh quan rừng tràm Trà Sư - Tỉnh An Giang : 
245 0 |b Luận văn tốt nghiệp Đại học. Chuyên ngành Môi trường & Quản lý Tài nguyên thiên nhiên 
245 0 |c Nguyễn Thị Huyền ; Bùi Thị Nga, Trần Sỹ Nam (Giáo viên hướng dẫn) 
260 |a Cần Thơ 
260 |b Trường Đại học Cần Thơ 
260 |c 2008 
520 |a Đề tài được thực hiện nhằm góp phần tìm hiểu ảnh hưởng của các yếu tố thủy lý hóa lên sự phát triển của cây tràm và tác động lên thủy sinh vật đồng thời đề xuất những biện pháp quản lý và điều tiết nguồn nước. 
650 |a Environmental protection,Bảo vệ môi trường,Forests and forestry 
904 |i dthtrang (Ngọc Mai), Phương Loan, Bích Vân, Giang 
980 |a Trung tâm Học liệu Trường Đại học Cần Thơ